| 000 | 00607nam a22002057a 4500 | ||
|---|---|---|---|
| 005 | 20180419111408.0 | ||
| 010 | _aENG-122527 | ||
| 020 |
_a9789383166244 _c850.00 |
||
| 035 | _aEN-106059 | ||
| 037 | _bDBAD/PUB. | ||
| 082 | _a320.6 | ||
| 245 |
_aPublic policymaking in a globalized world / _ced. by Robin J. Lewis |
||
| 250 | _aRevised Edn. | ||
| 260 |
_aNew Delhi _bSocial Science Press _c2018 |
||
| 270 |
_a69, Jor Bagh, _bNew Delhi _e110003 |
||
| 300 |
_a444p. _bill. _c22cm.(Hb) |
||
| 500 | _aIncludes bibliography | ||
| 700 | _dLewis, Robin J. | ||
| 942 |
_2ddc _cEN _mPUB _h320.6 |
||
| 999 |
_c150907 _d150907 |
||